Rukoväť audítorských štandardov

Medzinárodný audítorský štandard (ISA) 706- odseky so zdôraznením skutočnosti a odseky o iných skutočnostiach v správe nezávislého audítora. ISA 706 sa zaoberá situáciami, keď audítor považuje za potrebné v správe audítora upozorniť na určité skutočnosti, ktoré však nespôsobujú modifikáciu názoru a...

Descrizione completa

Salvato in:
Dettagli Bibliografici
Autore principale: Krišková, Petra, 1981-
Altri autori: Užík, Ján, 1969-
Natura: Capitolo di libro
Lingua:slovacco
Soggetti:
Tags: Aggiungi Tag
Nessun Tag, puoi essere il primo ad aggiungerne!!

MARC

LEADER 00000naa a2200000 4500
001 0262988
005 20240502074158.3
041 0 |a slo 
044 |a SK 
245 1 0 |a Rukoväť audítorských štandardov  |c Petra Krišková, Ján Užík 
520 |a Medzinárodný audítorský štandard (ISA) 706- odseky so zdôraznením skutočnosti a odseky o iných skutočnostiach v správe nezávislého audítora. ISA 706 sa zaoberá situáciami, keď audítor považuje za potrebné v správe audítora upozorniť na určité skutočnosti, ktoré však nespôsobujú modifikáciu názoru audítora. Sú to skutočnosti, ktoré sú vykázané, prezentované v účtovnej závierke, alebo skutočnosti, ktoré sú iné ako skutočnosti vykázané, prezentované v účtovnej závierke, a sú relevantné pre pochopenie auditu, zodpovednosti audítora alebo správy audítora používateľmi. 
610 2 0 |a audítori 
610 2 0 |a štandardy audítorské medzinárodné 
610 2 0 |a závierka účtovná 
610 2 0 |a ISA 706 
100 1 |a Krišková, Petra, 1981- 
700 1 |a Užík, Ján, 1969-